01344nam a2200277 a 4500001001000000005001700010008004100027041000800068044000700076084002000083100004500103245008700148260003500235300002200270500025100292500003300543500015800576500001000734546002500744650005200769650005600821650003400877650004500911700006000956740005001016BRCA_304120190320204100.0220109s1769----fr-a---###---#000-0#fre-u afre afr a348b.D38c17691 aCervantes Saavedra, Miguel ded1547-161610aHistoire de L´Admirable Don Quichotte de la ManchecMiguel de Cervantes Saavedra. aParísbDavid I´ainéc1769 a6 v.bil.c17 cm. aContenido : v 1. Primera parte. Advertencia del traductor. Texto. -- v 2. Texto. -- v 3. Segunda parte. Texto. -- v 4. Texto. -- v 5. Primera parte de la continuación por el traductor. -- v 6. Segunda parte de la continuación por el traductor aEdición : Nouvelle edition aEdición arreglada conforme a la que publicaron los editores de la Compagnie des Libraires en 1722. Piel; lomeras decoradas con dorados Lúdovik Osterc aQM272 aTexto en : francés14aNovela españolayÉpoca clásica, 1500-170014aLiteratura españolayÉpoca clásica, 1500-710014aNovela españolaySiglo XVII14aDon Quijote (Personaje ficticio)eNovela1 aSaint-Martin, Francois Filleau ded1632-1695eTraductor0 aEl Ingenioso Hidalgo Don Quijote de la Mancha